[Event "Copenhagen Chess Challenge 2007"]
[Site "Ballerup"]
[Date "2007.??.??"]
[Round "9"]
[White "Hartsteen, Mark"]
[Black "Mejvik, Jacob"]
[Result "1-0"]
[WhiteElo "1973"]
[BlackElo "2003"]
[PlyCount "79"]
[EventDate "2007.??.??"]
[EventType "swiss"]
[EventRounds "9"]
[EventCountry "DEN"]

1. c4 Nf6 2. Nf3 g6 3. g3 Bg7 4. Bg2 c6 5. O-O d5 6. cxd5 cxd5 7. d3 O-O 8. Bf4
Nc6 9. Nc3 Re8 10. Ne5 Nh5 11. Nxc6 bxc6 12. Bd2 Rb8 13. Rb1 e5 14. Qa4 Qb6 15.
Nxd5 Qd4 16. Nc3 Be6 17. Qxc6 Rec8 18. Qe4 Nf6 19. Qe3 Qd7 20. a3 Ng4 21. Qf3
f5 22. e4 fxe4 23. Qxe4 Bf5 24. Qd5+ Qxd5 25. Bxd5+ Kf8 26. Be4 Be6 27. Be3 a5
28. Rfc1 Nxe3 29. fxe3 Rb3 30. Na4 Rbb8 31. Nc5 Rxc5 32. Rxc5 Ba2 33. Rbc1 Rxb2
34. R5c2 Rxc2 35. Rxc2 Bb3 36. Rc5 a4 37. Bd5 Bd1 38. Kf2 Ke7 39. Rc7+ Kf6 40.
Rf7+ 1-0

[Event "Copenhagen Chess Challenge 2007"]
[Site "Ballerup"]
[Date "2007.??.??"]
[Round "9"]
[White "Haubro, Sigfred"]
[Black "Pallesen, Jacob"]
[Result "1/2-1/2"]
[WhiteElo "2185"]
[BlackElo "2001"]
[PlyCount "51"]
[EventDate "2007.??.??"]
[EventType "swiss"]
[EventRounds "9"]
[EventCountry "DEN"]

1. b3 e5 2. Bb2 Nc6 3. c4 Nf6 4. e3 d5 5. cxd5 Nxd5 6. a3 Be6 7. Qc2 Bd6 8. Nf3
f6 9. Bb5 Nde7 10. O-O a6 11. Bc4 Qd7 12. Nc3 O-O 13. Rad1 Na5 14. Bxe6+ Qxe6
15. b4 Nc4 16. Bc1 a5 17. Ne4 axb4 18. axb4 Na3 19. Bxa3 Rxa3 20. Nc5 Qa2 21.
Qxa2+ Rxa2 22. Nxb7 Bxb4 23. Rc1 Rb8 24. Nc5 Bxd2 25. Nxd2 Rxd2 26. Na6 1/2-1/2

[Event "Copenhagen Chess Challenge 2007"]
[Site "Ballerup"]
[Date "2007.??.??"]
[Round "9"]
[White "Ivanov, Mikhail"]
[Black "Tikkanen, Hans"]
[Result "1-0"]
[WhiteElo "2450"]
[BlackElo "2335"]
[PlyCount "33"]
[EventDate "2007.??.??"]
[EventType "swiss"]
[EventRounds "9"]
[EventCountry "DEN"]

1. d4 g6 2. c4 Bg7 3. e4 d6 4. Nf3 e5 5. Bg5 Qd7 6. Nc3 Nc6 7. d5 Nd4 8. Nb5
Nxb5 9. cxb5 c5 10. bxc6 bxc6 11. Qa4 Qb7 12. Rc1 h6 13. dxc6 Qxb2 14. c7+ Kf8
15. Bd2 Ne7 16. Bd3 Be6 17. Rb1 1-0

[Event "Copenhagen Chess Challenge 2007"]
[Site "Ballerup"]
[Date "2007.??.??"]
[Round "9"]
[White "Mikkelsen, Nikolaj"]
[Black "Bekker Jensen, Simon"]
[Result "0-1"]
[WhiteElo "2305"]
[BlackElo "2371"]
[PlyCount "68"]
[EventDate "2007.??.??"]
[EventType "swiss"]
[EventRounds "9"]
[EventCountry "DEN"]

1. e4 c5 2. Nf3 d6 3. d4 Nf6 4. Nc3 cxd4 5. Nxd4 a6 6. Bg5 e6 7. f4 Be7 8. Qf3
Qc7 9. O-O-O Nbd7 10. g4 O-O 11. Bxf6 Bxf6 12. g5 Bxd4 13. Rxd4 b5 14. Bh3 Rb8
15. Rhd1 Rb6 16. a3 Bb7 17. Qh5 Nc5 18. f5 Qe7 19. e5 exf5 20. exd6 Qe3+ 21.
R1d2 Bf3 22. Qh4 Qg1+ 23. Nd1 Be4 24. Rxe4 fxe4 25. d7 Nxd7 26. Rxd7 Qxh2 27.
Rd2 Qe5 28. Ne3 h6 29. Bf5 Re8 30. Rd5 Qe7 31. Kb1 Rd6 32. Qg3 Rxd5 33. Nxd5
Qxg5 34. Qh3 e3 0-1

[Event "Copenhagen Chess Challenge 2007"]
[Site "Ballerup"]
[Date "2007.??.??"]
[Round "9"]
[White "Nicolajsen, Esben"]
[Black "Akdag, Dara Sevkan"]
[Result "0-1"]
[WhiteElo "1887"]
[BlackElo "2018"]
[PlyCount "53"]
[EventDate "2007.??.??"]
[EventType "swiss"]
[EventRounds "9"]
[EventCountry "DEN"]

1. d4 e6 2. c4 b6 3. Nc3 Bb4 4. e3 Bb7 5. Nf3 f5 6. Be2 Nf6 7. Qc2 O-O 8. O-O
Bxc3 9. Qxc3 Ne4 10. Qc2 d6 11. Nd2 Nd7 12. Nxe4 fxe4 13. Rd1 Qh4 14. g3 Qf6
15. Bf1 Qf5 16. b4 Rf7 17. Bb2 Raf8 18. Rd2 Nf6 19. Bg2 d5 20. c5 Ba6 21. h3
Bd3 22. Qd1 h5 23. Bf1 Bxf1 24. Qxf1 Nh7 25. h4 Nf6 26. Qe2 Ng4 27. Kg2 0-1

[Event "Copenhagen Chess Challenge 2007"]
[Site "Ballerup"]
[Date "2007.??.??"]
[Round "9"]
[White "Nilsson, Sebastian"]
[Black "Peschardt, Soren"]
[Result "1/2-1/2"]
[WhiteElo "2278"]
[BlackElo "2152"]
[PlyCount "92"]
[EventDate "2007.??.??"]
[EventType "swiss"]
[EventRounds "9"]
[EventCountry "DEN"]

1. e4 c5 2. Nf3 Nc6 3. d4 cxd4 4. Nxd4 Qb6 5. Nb3 Nf6 6. Bd3 e6 7. c4 Ne5 8.
Nc3 Bb4 9. Qe2 Bxc3+ 10. bxc3 Nxd3+ 11. Qxd3 Qc6 12. Nd2 b6 13. Ba3 Ba6 14. e5
Ng4 15. Qg3 h5 16. h3 Nh6 17. Qg5 Nf5 18. O-O-O Rh6 19. Rhg1 Rg6 20. Qxh5 O-O-O
21. Qf3 Qxf3 22. Nxf3 Bb7 23. Ne1 Rh8 24. Rd2 Rxh3 25. g3 Rg4 26. c5 b5 27. Nd3
Re4 28. Rgd1 Rh2 29. Nb4 a5 30. c6 axb4 31. cxb7+ Kxb7 32. Bxb4 Rxe5 33. Rxd7+
Kc8 34. Ba5 Rd5 35. R7xd5 exd5 36. Rxd5 Rxf2 37. Rxb5 Nxg3 38. Rg5 Ne2+ 39. Kd1
g6 40. Ke1 Rh2 41. Rc5+ Kb7 42. Bc7 Nc1 43. Bxh2 Nd3+ 44. Kd2 Nxc5 45. Ke3 Na4
46. Kd4 Nxc3 1/2-1/2

[Event "Copenhagen Chess Challenge 2007"]
[Site "Ballerup"]
[Date "2007.??.??"]
[Round "9"]
[White "Rasmussen, Allan Stig"]
[Black "Lund, Silas"]
[Result "0-1"]
[WhiteElo "2418"]
[BlackElo "2309"]
[PlyCount "86"]
[EventDate "2007.??.??"]
[EventType "swiss"]
[EventRounds "9"]
[EventCountry "DEN"]

1. e4 e5 2. Nf3 Nc6 3. Bc4 Nf6 4. d3 Be7 5. O-O d6 6. c3 h6 7. Bb3 Nh7 8. h3
Ng5 9. Nbd2 Bf6 10. Nc4 Be6 11. Ne3 Qd7 12. Nh2 O-O-O 13. Nd5 Rdg8 14. Ba4 Qe8
15. f4 exf4 16. Bxf4 Bd8 17. b4 Bd7 18. Be3 Kb8 19. Qd2 Rf8 20. Rae1 Ne6 21.
Bb3 Bh4 22. Re2 Bg5 23. a4 Ne5 24. d4 Ng6 25. b5 Bxe3+ 26. Rxe3 Ng5 27. Bc2 Qc8
28. c4 Re8 29. a5 c6 30. Nb6 Qc7 31. Nxd7+ Qxd7 32. Rb1 Re7 33. bxc6 Qxc6 34.
Qb4 Rc8 35. Ng4 Rcc7 36. Rc3 Nf4 37. Re1 Qd7 38. Kh2 f5 39. Nf2 d5 40. e5 dxc4
41. Rxc4 Qd5 42. Ne4 Qxc4 43. Qd6 Qxc2 0-1

[Event "Copenhagen Chess Challenge 2007"]
[Site "Ballerup"]
[Date "2007.??.??"]
[Round "9"]
[White "Semcesen, Daniel"]
[Black "Nielsen, Jan Mose"]
[Result "1/2-1/2"]
[WhiteElo "2306"]
[BlackElo "2131"]
[PlyCount "106"]
[EventDate "2007.??.??"]
[EventType "swiss"]
[EventRounds "9"]
[EventCountry "DEN"]

1. d4 d5 2. c4 c6 3. Nf3 Nf6 4. Qc2 e6 5. Bg5 Bb4+ 6. Nbd2 h6 7. Bh4 Nbd7 8. a3
Be7 9. cxd5 exd5 10. e3 O-O 11. Bd3 Re8 12. O-O Ne4 13. Bg3 Nxg3 14. hxg3 Bd6
15. b4 a6 16. Rab1 Nf6 17. Rfc1 Qe7 18. Nb3 Nh5 19. Qd2 Qf6 20. Nc5 Nxg3 21.
fxg3 Bxg3 22. Rf1 Ra7 23. e4 b6 24. e5 Qd8 25. Na4 Bg4 26. Nc3 Bxf3 27. Rxf3
Qh4 28. Ne2 Qh2+ 29. Kf1 Qh1+ 30. Ng1 Bh2 31. Kf2 Bxg1+ 32. Rxg1 Qh4+ 33. Kf1
a5 34. bxa5 Rxa5 35. Bc2 c5 36. g4 cxd4 37. Qf4 Qe7 38. g5 Rxa3 39. Rxa3 Qxa3
40. gxh6 Qh3+ 41. Ke2 Qh5+ 42. Kd2 g6 43. Rg5 Qh3 44. Qf6 Qxh6 45. Bxg6 fxg6
46. Kd3 Qh3+ 47. Kxd4 Qh4+ 48. Kxd5 Qh1+ 49. Kd4 Qd1+ 50. Ke4 Qe2+ 51. Kd4 Qd2+
52. Ke4 Qe2+ 53. Kd4 Qd2+ 1/2-1/2

[Event "Copenhagen Chess Challenge 2007"]
[Site "Ballerup"]
[Date "2007.??.??"]
[Round "9"]
[White "Skovgaard, Peter Nicolai"]
[Black "Glud, Jakob Vang"]
[Result "0-1"]
[WhiteElo "2243"]
[BlackElo "2425"]
[PlyCount "70"]
[EventDate "2007.??.??"]
[EventType "swiss"]
[EventRounds "9"]
[EventCountry "DEN"]

1. e4 e5 2. Nf3 Nc6 3. Bb5 a6 4. Bxc6 dxc6 5. O-O f6 6. d4 exd4 7. Nxd4 c5 8.
Nb3 Qxd1 9. Rxd1 Bg4 10. f3 Bd7 11. Be3 b6 12. Nc3 O-O-O 13. Nd2 Be6 14. Nf1
Bd6 15. Nd5 Ne7 16. c4 Nxd5 17. cxd5 Bf7 18. Bf2 Be5 19. Rab1 f5 20. b4 fxe4
21. fxe4 c4 22. Bd4 Rhe8 23. Ne3 b5 24. Ng4 Bd6 25. Re1 Bg6 26. Nf2 c6 27. Bb6
cxd5 28. Bxd8 Rxd8 29. a3 d4 30. Rbd1 d3 31. Re3 Be5 32. Kf1 Bd4 33. Rg3 Bh5
34. Rd2 Rf8 35. Ke1 Rxf2 0-1